00768nam a2200217Ia 4500003000900000008004100009020001800050040001600068080001600084245014700100260004200247300001400289650004100303650002500344650001800369650001400387700003500401942000700436999001500443952009200458IN-BaIIA211028s9999 xx 000 0 eng d a90-277-1862-8 cIIA Library a523.92bSTU 0aPhysics of the Sunbvol. III, astrophysics and solar terrestrial relationscedited by Peter A Sturrock  aDordrechtbD. Reidel Publishingc1986 aix, 286p. aAstronomy and Astrophysics Thesaurus aSolar Interior98516 aSolar Physics aSun91200 aSturrock, Peter A., ed.911889 cBK c8761d8761 00104070aBANbKODcGENd1986-07-14l0o523.92/ STUp9637r2021-11-05w1986-07-14yBK